00329ntaaa2200121 45000030003000000050017000030080021000200400037000410820009000782450039000872500018001265000063001440120251027201113.00714s1973 ag 01  aAR-BaBNbspacAR-BaBNeaacrdRIC a206  aAnnual Southern Baptist Convention a1 ed., c1942 aEste material esta pasado al Tesoro (es el N° Inv. 01924)